All Dependent Territories of the US - Statistics

General Stats
  • This quiz has been taken 623 times
    350 since last reset
  • The average score is 8 of 14
Answer Stats
Continent Dependent Territory % Correct
North America Puerto Rico
92%
Oceania Guam
88%
North America United States Virgin Islands
82%
Oceania American Samoa
80%
Oceania Northern Mariana Islands
72%
Oceania Midway Atoll
54%
Oceania Wake Atoll
44%
Oceania Johnston Atoll
40%
Oceania Baker Island
37%
North America Navassa Island
36%
Oceania Palmyra Atoll
35%
Oceania Jarvis Island
34%
Oceania Howland Island
33%
Oceania Kingman Reef
33%
No matching quizzes found
Score Distribution
Percent of People with Each Score
Percentile by Number Answered
Your Score History
You have not taken this quiz since the last reset